000 00470nam a2200169Ia 4500
003 LK-CoDNM
008 010623t1986 xxu||||| |||| 00| 1 sin d
040 _aLK-CoDNM
_dLK-CoDNM
_eLK-CoDNM
041 _asin
080 _a294.332(2) WAN
100 _aWangeesa Thero,Urugamuwe.
245 _aභික්ෂුණී ශාසනය
246 _aBhikshunee Sasanaya
260 _bSiri Sumana Thero,Makadure.
_aDehiwala
_c1986
300 _b164p., 18 cm
942 _cBK
999 _c113389
_d113389